000 00598nam a2200193 a 4500
005 20240207063612.0
008 991125s1978 mx 000 0 spa u
035 _aUPN01000016408
049 _aCG
050 4 _aP27
_bC5.3 1978 no.5
100 0 _aDante Alighieri,
_d1265-1321
245 1 3 _aLa divina comedia /
_cDante ; estudio prelim. por Jorge Luis Borges ; tr. de Cayetano Rusell.
250 _a12a ed.
260 _aMéxico :
_bCumbre :
_bGrolier Internacional,
_c1978.
300 _a503 p.
440 4 _aLos clásicos ;
_v5
650 4 _aPoesía italiana
_ySiglo XIV
_91266
905 _aLibro
999 _c16408
_d16408